000 00573nam a22001817a 4500
003 OSt
005 20260629154507.0
008 260629b |||||||| |||| 00| 0 eng d
020 _a978-0-9830756-4-6
040 _cChuka University
050 _aP 51
_b .R 88 2012
100 _aPaula Rutherford
_931727
245 _aActive learning & engagement strategies
260 _aAlexandria
_bJust Ask publications amd profesional development
_c2012
300 _a161p.
_bColred illustrations
650 _aLanguage and languages--- study and teaching
_98948
942 _2lcc
_cSL
_n0
999 _c25469
_d25469